Responses for Show #5166 - Monday, February 12, 2007

2007 Teen Tournament semifinal game 1.

Contestants

[<< previous game]

Ben Schenkel, a junior from Allentown, Pennsylvania

Caroline Bartman, a senior from Washington, D.C.

Hank Robinson, a senior from Lithia Springs, Georgia

[next game >>]

Jeopardy! Round responses

BODIES OF WATER
SCREEN TEENS
SHAPE UP
NAME THAT POET
STAMPS
LETTER PERFECT
    $200 1
Gulf of Mexico

Ben
    $200 6
The Lion, the Witch and the Wardrobe

Caroline
    $200 7
vegetables

Hank
    $200 20
Robert Frost

Caroline
    $200 23
Annie Oakley

Hank
    $200 26
(Caroline: What are X, uh... X and O?)
...
(Alex: [*], yes. The X's are kisses. The [*] are the hugs.)

O's

CarolineBen
    $400 2
the Arctic Ocean

Ben
    $400 8
High School Musical

Caroline
    $400 12
bicycle

Hank
    $400 19
Shakespeare

Ben
    $400 24
Bugs Bunny

Caroline
    $400 27
(Alex: [*] for knot, yes.)

K

Caroline
    $600 3
the Jordan River

Ben
    $600 9
Mean Girls

Ben
    $600 13
squats

Hank
    $600 18
(Henry Wadsworth) Longfellow

Ben
    $1,000 21
a Hershey's Kiss

Caroline
    $600 28
M and F

Ben
    $800 4
Hudson Bay

Caroline
    $800 10
Evan Rachel Wood

Triple Stumper
    $800 14
(Caroline: What is surfing?)
(Hank: What is wakeboarding?)
(Ben: What is skimboarding?)
(Alex: No. What is [*]? [*]. I haven't heard the term before either.)

bodyboarding

HankCarolineBen
Triple Stumper
    $800 16
(Geoffrey) Chaucer

Ben
    $800 22
(Caroline: Who is Neptune?)

Aquaman

HankCaroline
    $800 29
A

Caroline
    $1000 5
(Caroline: What is the Mediterranean?)
(Hank: What is the Caspian?)

the Black Sea

HankCarolineBen
    $1000 11
Two and a Half Men

Ben
    $1000 15
cross country skiing

Ben
    $1000 17
Samuel Taylor Coleridge

Caroline
    $1000 25
Pegasus

Hank
    $1000 30
P

Caroline

Scores at the first commercial break (after clue 15):

Hank Caroline Ben
-$600 -$400 $4,000

Scores at the end of the Jeopardy! Round:

Hank Caroline Ben
$1,400 $3,400 $6,600

Double Jeopardy! Round responses

BODIES OF BRONZE & MARBLE
LAST NAME'S THE SAME
LIES, THEFT & FRAUD
ANCIENT HISTORY: THE 1980s
IT'S ELEMENTAL
NOT THE DREADED SPELLING CATEGORY
(Alex: And you must spell your response.)
    $400 8
George Washington

Ben
    $400 27
Moore

Ben
    $400 16
kleptomania

Ben
    $400 21
Los Angeles

Ben
    $400 1
krypton

Caroline
    $400 30
O-Z

Hank
    $2,000 12
The Thinker

Hank
    $800 28
Simpson

Ben
    $800 17
misdemeanor

Ben
    $800 26
Ronald Reagan & Pope John Paul II

Hank
    $800 2
silicon

Caroline
    $800 29
D-O

Caroline
    $1200 13
(Caroline: What is The Winged Victory?)

Venus de Milo

CarolineBen
    $1200 25
Holmes

Caroline
    $1200 18
perjury

Ben
    $1200 24
Chernobyl

Caroline
    $1200 3
chlorine

Ben
    $1200 9
A-T

Caroline
    $1600 14
(Caroline: What is the Acropolis?)

The Parthenon

CarolineBen
    $1600 10
Murray

Caroline
    $1600 19
white-collar

Ben
    $1600 23
Margaret Thatcher

Ben
    $7,800 4
promethium

Ben
    $1600 7
(Caroline: What is...)

O-X

HankCaroline
    $2000 15
a discus

Ben
    $2000 11
Miller

Hank
    $2000 20
the Philippines

Hank
    $2000 22
Tiananmen Square

Hank
    $2000 5
(Hank: What are noble gases?)

halogens

HankBen
    $2000 6
(Ben: What is O-U-R?)

W-E

Ben
Triple Stumper

Scores at the end of the Double Jeopardy! Round:

Hank Caroline Ben
$10,200 $6,200 $28,000
(lock game)

[wagering suggestions for these scores]

Final Jeopardy! Round responses

STATE NAMES
CarolineWhat is Utah?
$6,000
HankWhat is Minnesota?
$9,800
BenWhat is Michigan???
$0
Michigan

Final scores:

Hank Caroline Ben
$400 $200 $28,000
2nd place: $10,000 3rd place: $10,000 Finalist

Game dynamics:

Coryat scores:

Hank Caroline Ben
$9,000 $5,800 $21,800
13 R
(including 1 DD),
3 W
17 R
(including 1 DD),
7 W
27 R
(including 1 DD),
2 W

Combined Coryat: $36,600

[game clues] [game scores] [suggest correction]

Game tape date: 2007-01-05
The J! Archive is created by fans, for fans. Scraping, republication, monetization, and malicious use prohibited; this site may use cookies and collect identifying information. See terms. The Jeopardy! game show and all elements thereof, including but not limited to copyright and trademark thereto, are the property of Jeopardy Productions, Inc. and are protected under law. This website is not affiliated with, sponsored by, or operated by Jeopardy Productions, Inc. Join the discussion at JBoard.tv.